| 000 | 004180000a22001810004500 | ||
|---|---|---|---|
| 003 | MACL | ||
| 005 | 20150910153012.0 | ||
| 008 | 150910b xxu||||| |||| 00| 0 eng d | ||
| 040 |
_aMACL _cMACL |
||
| 041 | _aEnglish | ||
| 082 | _a821/THA | ||
| 100 |
_aThag, Bhagwan _99580 |
||
| 245 | _aDalit Poetry Today | ||
| 260 |
_bJansahitya Prakashan _c1991 |
||
| 350 | _a35 | ||
| 650 |
_aPoetry _99954 |
||
| 942 |
_cBK _k821 _2ddc |
||
| 999 |
_c3941 _d3941 |
||